000 00758aam a2200289 i 4500
001 768714001
003 CO-MdFUSB
005 20250901091813.0
007 ta
008 250901t1966 -us |||| |||| 00| 0 eng d
040 _cCO-MdFUSB
041 0 _aeng
082 0 4 _223
_a248.892
_bT915m
100 1 _aTuggy, Joy Turner
_eautor
245 1 0 _aThe missionary wife and her work
_c/ Joy Turner Tuggy
264 1 _bMoody Press,
_aChicago, USA :
_c[1966]
264 4 _c©1966
300 _a191 páginas
336 _atexto
_btxt
_2rdacontent
337 _2rdamedia
_asin mediación
_bn
338 _2rdacarrier
_avolumen
_bnc
563 _aPasta dura
653 _aEsposas de misioneros
942 _cBK
945 _aJTF-925
999 _c36290
_d36290